"Lettünk mi másra is jók..."
Elmentve itt :
| Szerző: | |
|---|---|
| Dokumentumtípus: | Cikk |
| Megjelent: |
1965-03-13
|
| Sorozat: | Délmagyarország
55 No. 61 |
| Kulcsszavak: | Munkaügy visszaemlékezés 1965, forradalmi harcosok, veteránok |
| Online Access: | http://dmarchiv.bibl.u-szeged.hu/72477 |
| LEADER | 00491nab a2200157 i 4500 | ||
|---|---|---|---|
| 001 | delm72477 | ||
| 005 | 20180928082626.0 | ||
| 008 | 180928s1965 hu o 0|| hun d | ||
| 040 | |a SZTE Délmagyarország Archívum |b hun | ||
| 041 | |a hun | ||
| 100 | 1 | |a Nagy Pál | |
| 245 | 1 | 0 | |a "Lettünk mi másra is jók..." |h [elektronikus dokumentum] / |c Nagy Pál |
| 260 | |c 1965-03-13 | ||
| 300 | |a 4 | ||
| 490 | 0 | |a Délmagyarország |v 55 No. 61 | |
| 695 | |a Munkaügy visszaemlékezés 1965, forradalmi harcosok, veteránok | ||